WWE WWF '90's Wrestlers - Statistics

General Stats
  • This quiz has been taken 308 times
  • The average score is 11 of 15
Answer Stats
Hint Answer % Correct
HBK Shawn Michaels
94%
The Macho Man Randy Savage
93%
The Hitman Bret Hart
90%
The Nature Boy Ric Flair
89%
The Snake Jake Roberts
88%
Can you smell what The _____ is cookin'? The Rock
88%
Dude Love, Cactus Jack, ___ Mankind
84%
The Rated R Superstar Edge
81%
The Phenom Undertaker
80%
The Eighth Wonder of the World Andre The Giant
77%
The Big Bad Show Big Show
77%
The Boss Vince Mcmahon
67%
The Money Shane Mcmahon
56%
Brother Nero Jeff Hardy
50%
The Blue Blood Hunter Hearst Helmsley
28%
No matching quizzes found
Score Distribution
Percent of People with Each Score
Percentile by Number Answered
Your Score History
You have not taken this quiz